<?xml version="1.0" encoding="UTF-8"?>
<marc:record xmlns:marc="http://www.loc.gov/MARC21/slim">
   <marc:leader>00000nam a2200000 a 4500</marc:leader>
   <marc:datafield ind1="1" ind2=" " tag="100">
      <marc:subfield code="a">Ries, Julien</marc:subfield>
      <marc:subfield code="4">aut</marc:subfield>
      <marc:subfield code="e">Verfasser/-in</marc:subfield>
   </marc:datafield>
   <marc:datafield ind1=" " ind2=" " tag="653">
      <marc:subfield code="a">Islam</marc:subfield>
   </marc:datafield>
   <marc:datafield ind1=" " ind2=" " tag="653">
      <marc:subfield code="a">Softcover</marc:subfield>
   </marc:datafield>
   <marc:datafield ind1=" " ind2=" " tag="653">
      <marc:subfield code="a">Karte</marc:subfield>
   </marc:datafield>
   <marc:datafield ind1=" " ind2=" " tag="653">
      <marc:subfield code="a">Jugendbuch / Sachbuch / Religion</marc:subfield>
   </marc:datafield>
   <marc:datafield ind1=" " ind2=" " tag="653">
      <marc:subfield code="a">Philosophie</marc:subfield>
   </marc:datafield>
   <marc:datafield ind1=" " ind2=" " tag="653">
      <marc:subfield code="a">Jugendsachbuch</marc:subfield>
   </marc:datafield>
   <marc:datafield ind1="0" ind2="0" tag="245">
      <marc:subfield code="a">Islam</marc:subfield>
   </marc:datafield>
   <marc:datafield ind1="0" ind2="0" tag="245">
      <marc:subfield code="c">Julien Ries</marc:subfield>
   </marc:datafield>
   <marc:datafield ind1=" " ind2="1" tag="264">
      <marc:subfield code="a">Innsbruck</marc:subfield>
      <marc:subfield code="b">Tyrolia-Verl.</marc:subfield>
      <marc:subfield code="c">2004</marc:subfield>
   </marc:datafield>
   <marc:datafield ind1="1" ind2=" " tag="520">
      <marc:subfield code="a">Kurzeinführungen in vier große Weltreligionen, für Jugendliche aufbereitet. (PI)      Julien Ries, Professor für Religionswissenschaft an der Katholischen Universität Löwen, und Lawrence E. Sullivan, Leiter der Abteilung "Weltreligionen" an der Harvard-Universität, bieten in vier schmalen Hardcoverbänden in der Reihe "Weltreligionen" des Tyrolia-Verlages eine Kurzeinführung in vier Weltreligionen: den Islam, Hinduismus, Buddhismus (Ries) und das Judentum (Sullivan). Die Zielgruppe - Jugendliche ab 12 Jahren, ErzieherInnen und ReligionspädagogenInnen - lässt sich anhand der Aufmachung der Bände leicht erraten: Kurzkapitel über zwei Seiten, viele Bilder mit Bildunterschriften, möglichst prägnante und einfache Informationen und das Bemühen um eine leicht verständliche, nicht mit religiösem Vokabular gespickte Sprache. Leider werden manche Begriffe dennoch nicht erläutert, sondern einfach vorausgesetzt. Die Zielgruppe Jugendliche wird sich mit diesen Bildbänden wohl eher im schulischen Rahmen als in der Freizeit auseinandersetzen, da sie sich trotz allem Bemühen nicht gerade durch eine jugendgerechte Aufbereitung auszeichnen. Diese Bildbände sind im Schulunterricht oder als Überblicksdarstellung in Öffentlichen Bibliotheken einsetzbar.  *bn* Monika Roth</marc:subfield>
   </marc:datafield>
   <marc:datafield ind1=" " ind2=" " tag="020">
      <marc:subfield code="a">9783702225834</marc:subfield>
      <marc:subfield code="9">9783702225834</marc:subfield>
   </marc:datafield>
   <marc:datafield ind1=" " ind2=" " tag="041">
      <marc:subfield code="a">ger</marc:subfield>
   </marc:datafield>
   <marc:datafield ind1=" " ind2=" " tag="300">
      <marc:subfield code="a">29 S.</marc:subfield>
   </marc:datafield>
</marc:record>
